Представление документа в формате RUSMARC

Поле Инд. ПП Название Значение
Тип записи a
Библиографический уровень a
001 Контрольный номер e68e22c99e744f2ab2d520fda51a3547
005 Дата корректировки 20200407131657.5
100 a Данные общей обработки 20181112 ||| 0rusy0189 ca
101 0_ a Язык текста rus
102 a Страна публикации RU
200 1_ f Первые сведения об ответственности Д.А. Пархоменко
a Заглавие Кратность преступлений как основание дифференциации уголовной ответственности
b Общее обозначение материала Текст
210 d Дата издания 2017
461 _0 1 2000
a Закон и право
463 _0 1 2000
a №8
v С. 75-78
1 2101
d 2017
1 001c7cc9c8d1c534e92b9d81f95d3d3b441
606 a Основная рубрика Право. Юридические науки
x Основная подрубрика Уголовное право
610 0_ a Ключевые слова ПРЕСТУПЛЕНИЕ
a Ключевые слова ПРЕСТУПЛЕНИЕ МНОЖЕСТВЕННОСТЬ
a Ключевые слова ПРЕСТУПЛЕНИЕ РЕЦИДИВ
a Ключевые слова УГОЛОВНАЯ ОТВЕТСТВЕННОСТЬ
700 _1 a Фамилия Пархоменко
b Имя Д.А.
801 _0 a Страна RU
b Организация РГУП
c Дата составления 20181112
g Правила каталогизации PSBO
801 _1 a Страна RU
b Организация РГУП
c Дата составления 20181112
g Правила каталогизации PSBO
901 t Тип документа b
w Контрольный № источника c7cc9c8d1c534e92b9d81f95d3d3b441
905 a Дата ввода 20181112